Statistics for US States Quiz

Click here to take the quiz!

General Stats

  • This quiz has been taken 6,469,303 times
  • The average score is 37 of 50

Answers on the Map

Answers color-coded by a green-red scale on the quiz's map according to % correct below.
Loading ...
 

Answer Stats

State% Correct
Texas
96%
California
96%
New York
94%
Florida
94%
Washington
93%
Alaska
88%
Nevada
85%
North Dakota
85%
South Dakota
84%
Alabama
83%
North Carolina
83%
New Mexico
83%
Hawaii
82%
South Carolina
82%
Arizona
80%
Maine
80%
Michigan
79%
Georgia
79%
Ohio
78%
Idaho
78%
Colorado
77%
Oregon
77%
Virginia
76%
Illinois
74%
Mississippi
74%
New Jersey
74%
Utah
73%
Louisiana
73%
Tennessee
72%
Montana
72%
Arkansas
71%
Kentucky
71%
Kansas
70%
West Virginia
70%
Rhode Island
69%
Oklahoma
68%
Pennsylvania
67%
Wyoming
66%
Vermont
65%
Indiana
65%
New Hampshire
65%
Maryland
64%
Nebraska
64%
Iowa
64%
Delaware
64%
Minnesota
64%
Wisconsin
64%
Connecticut
61%
Missouri
61%
Massachusetts
60%

Score Distribution

Percentile by Number Answered

Percent of People with Each Score

Your Score History

You have not taken this quiz